• 首页
  • 本馆介绍
  • 公告通知
  • 最新文献
  • 馆藏检索
  • 电子资源
  • 读者导购
  • 参考咨询
  • 我的图书馆
  • 登录
  • 详细信息显示
  • 放入我的书架
  • 预约/预借图书
  • 作者相关作品
  • 分类相关作品
  • 丛书相关作品
  • 出版社相关作品

书目信息

  • 表格格式
  • 工作单格式
  • 卡片格式
题名:
日本帝国主义侵华档案资料选编
    
 
作者: 佟冬 主编 ;邹明德 , 胡菊蓉 , 张志 本卷编 ;中央档案馆 , 中国第二历史档案馆 , 吉林省社会科学院 编
分册: 12   南京大屠杀
出版信息: 北京   中华书局  2020
页数: 862页
开本: 23cm
丛书名:
单 册:
中图分类: K264.063
科图分类:
主题词: 侵华--qin hua--档案资料--日本--1931-1945--汇编 , 南京大屠杀--nan jing da tu sha--档案资料--汇编
电子资源:
ISBN: 978-7-101-14472-7
000 01879nam0 2200313 450
001 011029202402
005 20211031095510.48
010    @a978-7-101-14472-7@b精装@dCNY245.00(全20册4900.00)
100    @a20200928d2020 em y0chiy50 ea
101 0  @achi
102    @aCN@b110000
105    @aa z 000yy
106    @ar
200 1  @a日本帝国主义侵华档案资料选编@Ari ben di guo zhu yi qin hua dang an zi liao xuan bian@h12@i南京大屠杀@f佟冬[等]主编@g邹明德,胡菊蓉,张志本卷编@g中央档案馆,中国第二历史档案馆,吉林省社会科学院合编
210    @a北京@c中华书局@d2020
215    @a862页@c照片,图@d23cm
330    @a本书是一部系统公布日本帝国主义侵华的档案资料集,通过对现存于中央档案馆、中国第二历史档案馆和其他有关部门的关于抗战时期日本帝国主义侵华的文件、协议、情报、电稿、信函,中日交涉的函件及战犯供词和审判档案等资料,完整再现了1931年至1945年14年间日本侵华的血腥图景。本卷由五部分构成,第一部分是日军攻占南京的情况;第二部分是南京大屠杀当时,亦即1937年12月至1938年有关调查和揭露日军南京大屠杀罪行的档案资料;第四部分是中国国民政府国防部军事法庭审判从事南京大屠杀的日本战犯的有关档案,也选用了东京远东国际军事法庭的有关资料;第五部分则是新中国成立后新搜集到的有关南京大屠杀的资料,其中包括中华人民共和国最高人民检察院军事法庭审判的日本战犯供词、受害人和知情人的证言等。
606 0  @a侵华@Aqin hua@x档案资料@y日本@z1931-1945@j汇编
606 0  @a南京大屠杀@Anan jing da tu sha@x档案资料@j汇编
690    @aK264.063@v5
701  0 @a佟冬@Atong dong@4主编
702  0 @a邹明德@Azou ming de@4本卷编
702  0 @a胡菊蓉@Ahu ju rong@c(女,@f1938-)@4本卷编
702  0 @a张志@Azhang zhi@4本卷编
712 02 @a中央档案馆@Azhong yang dang an guan@4编
712 02 @a中国第二历史档案馆@Azhong guo di er li shi dang an guan@4编
712 02 @a吉林省社会科学院@Aji lin sheng she hui ke xue yuan@4编
801  0 @aCN@b百万庄@c20211029
905    @b1312429-430@dK264.063@e81:12@f2
    
    日本帝国主义侵华档案资料选编.12.南京大屠杀/佟冬[等]主编/邹明德,胡菊蓉,张志本卷编/中央档案馆,中国第二历史档案馆,吉林省社会科学院合编.-北京:中华书局,2020
    862页:照片,图;23cm
    
    
    ISBN 978-7-101-14472-7(精装):CNY245.00(全20册4900.00)
    本书是一部系统公布日本帝国主义侵华的档案资料集,通过对现存于中央档案馆、中国第二历史档案馆和其他有关部门的关于抗战时期日本帝国主义侵华的文件、协议、情报、电稿、信函,中日交涉的函件及战犯供词和审判档案等资料,完整再现了1931年至1945年14年间日本侵华的血腥图景。本卷由五部分构成,第一部分是日军攻占南京的情况;第二部分是南京大屠杀当时,亦即1937年12月至1938年有关调查和揭露日军南京大屠杀罪行的档案资料;第四部分是中国国民政府国防部军事法庭审判从事南京大屠杀的日本战犯的有关档案,也选用了东京远东国际军事法庭的有关资料;第五部分则是新中国成立后新搜集到的有关南京大屠杀的资料,其中包括中华人民共和国最高人民检察院军事法庭审判的日本战犯供词、受害人和知情人的证言等。
●
相关链接 在E读中查询图书 在五车中查询图书 在当当中查询图书 在豆瓣中查询图书


正题名:日本帝国主义侵华档案资料选编     索取号:K264.063/81:12         预约/预借

序号 登录号 条形码 馆藏地/架位号 状态 备注
1 1312429   213124297   第二样本阅览室/ [索取号:K264.063/81:12] 在馆    
2 1312430   213124304   第二借阅区/ [索取号:K264.063/81:12] 在馆    
唐山师范学院图书馆 欢迎您!
大连网信软件有限公司© 版权所有